Представление документа в формате MARC21

ПолеНазваниеЗначение
  Тип записи a
  Библиографический уровень m
001 Контрольный номер RU\infra-m\znanium\bibl\2225871
005 Дата корректировки 20260429142155.9
008 Кодируемые данные 250910s2025 RU g rus u
020 Индекс ISBN __
a ISBN 978-5-9729-2411-0
040 Источник каталогиз. __
a Служба первич. каталог. Общество с ограниченной ответственностью «ЗНАНИУМ»
041 Код языка издания __
a Код языка текста rus
044 Код страны публикации __
a Код страны публикации RU
080 Индекс УДК __
a Индекс УДК 528
080 Индекс УДК __
a Индекс УДК 69
084 Индекс другой классификации/Индекс ББК __
2 Источник индекса rubbk
a Индекс другой классификации/Индекс ББК 381
084 Индекс другой классификации/Индекс ББК __
2 Источник индекса okso
a Индекс другой классификации/Индекс ББК 08.03.01
084 Индекс другой классификации/Индекс ББК __
2 Источник индекса okso
a Индекс другой классификации/Индекс ББК 21.05.01
100 Автор __
a Автор Хаметов Т.И.
q Полное имя Хаметов Тагир Ишмуратович
245 Заглавие __
a Заглавие Инженерно-геодезическое сопровождение строительства и эксплуатации зданий, сооружений
b Продолж. заглавия Учебное пособие
250 Сведения об издании __
a Основные сведения об издании 2
260 Выходные данные __
a Место издания Вологда
b Издательство Инфра-Инженерия
c Дата издания 2025
300 Физическое описание __
a Объем 296 с.
520 Аннотация __
a Аннотация Изложено содержание инженерно-геодезических работ при изысканиях проектировании строительстве и эксплуатации гражданских и промышленных зданий сооружений. Рассмотрены вопросы ортнизации гоодезических работ в строительстве геодезического сопровождения ироектно-изыскательских работ перенесения на местность проектов строительства возведения подземной и надземной частей здания инженерных коммуникаций и производства исполнительных съемок. Приведены методы инструментального наблюдения за деформациями и методы инженерной оценки эксплуатационных качеств зданий сооружений. Для студентов обучающихся но направлениям подготовки «Строительство» и «Прикладная геодезия» а также для специалистов выполняющих инженерно-геодезические работы в строительстве и инженеров но эксплуатации зданий и сооружений.
521 Примеч. о цел. назн. __
a Примеч. о целев. назн. ВО - Бакалавриат
650 Тематические рубрики __
a Основная рубрика Строительство
x Основная подрубрика Теоретические основы строительства
655 Указ. предметных рубрик (устаревшее) __
a Жанр/ форма (устаревшее) Учебное пособие
856 Электронный адрес документа 4_
a Имя сервера/домена znanium.ru
m Помощь ebs_support@infra-m.ru
n Местонахождение сервера НИЦ ИНФРА-М
u URL https://znanium.ru/catalog/document?id=469487
856 Электронный адрес документа 48
a Имя сервера/домена znanium.ru
d Путь /cover/2225
f Электронное имя 2225871.jpg
u URL https://znanium.ru/cover/2225/2225871.jpg
911 __
u 0030=https://znanium.ru/catalog/document?id=469487